| 000 | 00465nam a22001697a 4500 | ||
|---|---|---|---|
| 003 | CEME | ||
| 005 | 20210628204035.0 | ||
| 008 | 210105b xxu||||| |||| 00| 0 eng d | ||
| 020 | _a9781441907240 | ||
| 040 | _cceme | ||
| 082 | _a616.1207547 CHA | ||
| 100 |
_aChaudhuri, Subhasis, Pawar, Tanmay D, Duttagupta, Siddhartha _968386 |
||
| 245 | _aAmbulation analysis in wearable ecg | ||
| 260 |
_aNEW YORK _bSPRINGER _c2009 |
||
| 300 | _aIX, 161P | ||
| 942 |
_cBK _2ddc |
||
| 999 |
_c575980 _d575980 |
||